[Event "Mittelfranken Landesliga Nord 2122"]
[Site "Mittelfranken"]
[Date "2021.10.24"]
[Round "1.5"]
[White "Fischer, Emil"]
[Black "Stiller, Juergen"]
[Result "1/2-1/2"]
[WhiteElo "1980"]
[BlackElo "2100"]
[PlyCount "105"]
[EventDate "2021.10.24"]
[EventType "team-tourn"]
[EventRounds "9"]
[EventCountry "GER"]
[SourceTitle "EXT 2024"]
[Source "ChessBase"]
[SourceDate "2023.10.10"]
[SourceVersion "1"]
[SourceVersionDate "2023.10.10"]
[SourceQuality "1"]
[WhiteTeam "Schweinfurt"]
[BlackTeam "Nuernberg SW"]
[WhiteTeamCountry "GER"]
[BlackTeamCountry "GER"]

1. e4 c6 2. d4 d5 3. exd5 cxd5 4. Bd3 Nc6 5. c3 Qc7 6. Ne2 Bg4 7. f3 Bd7 8. Bb5 e6 9. Bf4 Qb6 10. Qb3 Nf6 11. Bxc6 bxc6 12. Nd2 Be7 13. 0-0 0-0 14. Rfe1 Nh5 15. Be3 Bd6 16. Qxb6 axb6 17. g4 Nf6 18. Bf4 Ne8 19. a3 c5 20. b3 Bb5 21. Bxd6 Nxd6 22. a4 Bc6 23. Rec1 c4 24. Rcb1 Rfb8 25. Kf2 cxb3 26. Rxb3 Bxa4 27. Rb4 b5 28. Ke3 Bc2 29. Rc1 Ra2 30. h4 h6 31. h5 Kf8 32. Rg1 Rc8 33. Rc1 Ke7 34. Re1 Rc7 35. Nb3 Bxb3 36. Rxb3 Kd7 37. Nc1 Ra1 38. Nd3 Rxe1+ 39. Nxe1 Ra7 40. Nd3 f6 41. Kf4 Ra2 42. Rb1 Ra3 43. Nc5+ Kc6 44. Nxe6 Rxc3 45. Nxg7 Nf7 46. Kf5 Rxf3+ 47. Kg6 Ng5 48. Nf5 Rf4 49. Kxf6 Rxg4 50. Nxh6 Ne4+ 51. Ke6 Rh4 52. Rc1+ Kb6 53. Kxd5 1/2-1/2

[Event "Landesliga Nord 1718"]
[Site "Bayern"]
[Date "2017.10.22"]
[Round "1.4"]
[White "Schmidt, Justus"]
[Black "Stiller, Juergen"]
[Result "0-1"]
[WhiteElo "2142"]
[BlackElo "2133"]
[PlyCount "96"]
[EventDate "2017.10.22"]
[EventType "team-tourn"]
[EventRounds "9"]
[EventCountry "GER"]
[SourceTitle "EXT 2022"]
[Source "ChessBase"]
[SourceDate "2021.10.06"]
[SourceVersion "1"]
[SourceVersionDate "2021.10.06"]
[SourceQuality "1"]
[WhiteTeam "Bamberg SC"]
[BlackTeam "Nuernberg Sued SW"]
[WhiteTeamCountry "GER"]
[BlackTeamCountry "GER"]

1. Nf3 Nf6 2. g3 g6 3. Bg2 Bg7 4. 0-0 d6 5. d4 0-0 6. Nbd2 Nc6 7. e4 e5 8. dxe5 dxe5 9. Qe2 Qe7 10. Nc4 h6 11. b3 Rd8 12. Bb2 Bg4 13. c3 Qe6 14. Rfe1 a5 15. Ne3 Bh3 16. Qc4 Qxc4 17. Nxc4 Bxg2 18. Kxg2 Nd7 19. Ba3 b5 20. Ncd2 b4 21. cxb4 axb4 22. Bb2 Nd4 23. Nxd4 exd4 24. Rec1 c5 25. a4 bxa3 26. Rxa3 Rab8 27. f4 Rb7 28. Kf2 Rdb8 29. Ba1 h5 30. h3 Bf8 31. Ra6 Be7 32. Bb2 Kg7 33. Ba3 g5 34. e5 Rb6 35. Ra7 R8b7 36. Rxb7 Rxb7 37. Kf3 h4 38. Ke4 hxg3 39. f5 Ra7 40. Nc4 f6 41. e6 Nb6 42. Nxb6 Rxa3 43. Nc8 Kf8 44. Nxe7 Kxe7 45. Rxc5 g2 46. Rc1 Rxb3 47. Rg1 Rxh3 48. Rxg2 Rh4+ 0-1

[Event "Landesliga Nord 1617"]
[Site "Bayern"]
[Date "2017.01.15"]
[Round "4.5"]
[White "Stiller, Juergen"]
[Black "Mittag, Ralf"]
[Result "1-0"]
[WhiteElo "2169"]
[BlackElo "2118"]
[PlyCount "111"]
[EventDate "2016.10.16"]
[EventType "team-tourn"]
[EventRounds "9"]
[EventCountry "GER"]
[SourceTitle "EXT 2019"]
[Source "ChessBase"]
[SourceDate "2018.10.10"]
[SourceVersion "1"]
[SourceVersionDate "2018.10.10"]
[SourceQuality "1"]
[WhiteTeam "Nuernberg Sued SW"]
[BlackTeam "Bamberg SC"]
[WhiteTeamCountry "GER"]
[BlackTeamCountry "GER"]

1. d4 d5 2. Bf4 Nf6 3. e3 Bf5 4. Nf3 e6 5. Nbd2 Bd6 6. Bg3 0-0 7. Be2 Qe7 8. 0-0 c5 9. c3 Nc6 10. a4 Rac8 11. a5 a6 12. Qa4 Ne4 13. Nxe4 Bxe4 14. Bxd6 Qxd6 15. Nd2 Bg6 16. Qa3 Nb8 17. c4 Qc7 18. cxd5 cxd4 19. dxe6 dxe3 20. Qxe3 Nc6 21. exf7+ Bxf7 22. Bg4 Rcd8 23. Nb3 Rfe8 24. Qc3 Qf4 25. Bf3 Ne5 26. Nc5 Nxf3+ 27. Qxf3 Qxf3 28. gxf3 Bd5 29. Ra3 Re5 30. f4 Rf5 31. Rd1 Rd6 32. Rg3 Rg6 33. b4 Bc6 34. Rd8+ Kf7 35. Nd3 Rxg3+ 36. fxg3 Ke7 37. Rg8 Rd5 38. Ne5 Rd1+ 39. Kf2 Be4 40. Rxg7+ Ke6 41. Ke3 Re1+ 42. Kd4 Re2 43. g4 Bb1 44. f5+ Kf6 45. Rf7+ Kg5 46. Rxb7 Kf4 47. Re7 Re4+ 48. Kd5 Rxb4 49. f6 Ba2+ 50. Kd6 Rd4+ 51. Kc7 Re4 52. f7 Bxf7 53. Rxf7+ Kxe5 54. Re7+ Kf4 55. Rxe4+ Kxe4 56. Kb6 1-0

[Event "Landesliga Nord 1617"]
[Site "Bayern"]
[Date "2016.12.04"]
[Round "3.3"]
[White "Bildt, Maximilian"]
[Black "Stiller, Juergen"]
[Result "1-0"]
[WhiteElo "2082"]
[BlackElo "2169"]
[PlyCount "97"]
[EventDate "2016.10.16"]
[EventType "team-tourn"]
[EventRounds "9"]
[EventCountry "GER"]
[SourceTitle "EXT 2019"]
[Source "ChessBase"]
[SourceDate "2018.10.10"]
[SourceVersion "1"]
[SourceVersionDate "2018.10.10"]
[SourceQuality "1"]
[WhiteTeam "Zirndorf"]
[BlackTeam "Nuernberg Sued SW"]
[WhiteTeamCountry "GER"]
[BlackTeamCountry "GER"]

1. e4 c6 2. d4 d5 3. exd5 cxd5 4. c4 Nf6 5. Nc3 g6 6. Nf3 Bg7 7. cxd5 Nxd5 8. Bc4 Nb6 9. Bb3 0-0 10. 0-0 Bg4 11. d5 Na6 12. h3 Bxf3 13. Qxf3 Nc5 14. Bc2 Rc8 15. Rd1 Nc4 16. Qe2 Nd6 17. Bg5 Re8 18. Rac1 a6 19. Bb1 Qb6 20. Be3 Qa5 21. Qg4 Qd8 22. Bd4 Bxd4 23. Qxd4 Qb6 24. Rd2 Nd7 25. Re1 Nc4 26. Qxb6 Ndxb6 27. Rde2 Kf8 28. Bd3 Nxb2 29. Rxb2 Rxc3 30. Bxa6 bxa6 31. Rxb6 Ra3 32. Re2 Ra5 33. g4 Ra3 34. Kg2 Rd8 35. Rb7 Re8 36. Ra7 Ra4 37. Kg3 h6 38. Rc2 Ra5 39. d6 exd6 40. Rcc7 Ra3+ 41. Kg2 g5 42. Rxf7+ Kg8 43. Rg7+ Kh8 44. Rh7+ Kg8 45. Rxh6 Rxa2 46. Rg6+ Kh8 47. Rf7 Re5 48. Rxd6 Kg8 49. Ra7 1-0

[Event "Landesliga Nord 1516"]
[Site "Bayern"]
[Date "2016.03.13"]
[Round "8.5"]
[White "Suess, Stefan"]
[Black "Stiller, Juergen"]
[Result "1-0"]
[WhiteElo "2047"]
[BlackElo "2180"]
[PlyCount "117"]
[EventDate "2015.10.11"]
[EventType "team-tourn"]
[EventRounds "9"]
[EventCountry "GER"]
[SourceTitle "EXT 2018"]
[Source "ChessBase"]
[SourceDate "2017.10.13"]
[SourceVersion "1"]
[SourceVersionDate "2017.10.13"]
[SourceQuality "1"]
[WhiteTeam "Nuernberg NT II"]
[BlackTeam "Nuernberg Sued SW"]
[WhiteTeamCountry "GER"]
[BlackTeamCountry "GER"]

1. g3 d5 2. Bg2 c6 3. Nf3 Bg4 4. d4 Nd7 5. Nbd2 Ngf6 6. 0-0 e6 7. Re1 Be7 8. e4 dxe4 9. Nxe4 Nxe4 10. Rxe4 Nf6 11. Re1 0-0 12. h3 Bh5 13. c3 Qb6 14. Qb3 Qxb3 15. axb3 Bg6 16. Bg5 h6 17. Bxf6 gxf6 18. Nd2 Rfd8 19. Nc4 Kf8 20. b4 a6 21. Nb6 Rab8 22. Re3 Bd6 23. Nc4 Bc7 24. f4 Bc2 25. Be4 Bxe4 26. Rxe4 Rd5 27. Ne3 Rb5 28. Nc2 f5 29. Re2 Rd5 30. Ne3 Rdd8 31. Nc4 Ra8 32. Na5 Rab8 33. Kf2 h5 34. Kf3 Ke7 35. Nb3 Kf6 36. Nc5 Bd6 37. Nb3 Rg8 38. Na5 Bc7 39. Nb3 Rg7 40. Nc5 Bd6 41. Nd7+ Ke7 42. Nxb8 Bxb8 43. Rg1 Rg8 44. Reg2 Kd6 45. g4 hxg4+ 46. hxg4 fxg4+ 47. Rxg4 Rxg4 48. Rxg4 Bc7 49. Rg7 Ke7 50. Rg8 b6 51. Kg4 f5+ 52. Kg5 Kd7 53. c4 Bd6 54. Rg7+ Be7+ 55. Kg6 Ke8 56. Rxe7+ Kxe7 57. c5 bxc5 58. bxc5 a5 59. b3 1-0

[Event "Landesliga Nord 1516"]
[Site "Bayern"]
[Date "2015.12.13"]
[Round "4.5"]
[White "Mittag, Ralf"]
[Black "Stiller, Juergen"]
[Result "0-1"]
[WhiteElo "2101"]
[BlackElo "2180"]
[PlyCount "100"]
[EventDate "2015.10.11"]
[EventType "team-tourn"]
[EventRounds "9"]
[EventCountry "GER"]
[SourceTitle "EXT 2018"]
[Source "ChessBase"]
[SourceDate "2017.10.13"]
[SourceVersion "1"]
[SourceVersionDate "2017.10.13"]
[SourceQuality "1"]
[WhiteTeam "Bamberg SC"]
[BlackTeam "Nuernberg Sued SW"]
[WhiteTeamCountry "GER"]
[BlackTeamCountry "GER"]

1. c4 Nf6 2. Nc3 g6 3. e4 d6 4. g3 Bg7 5. Bg2 0-0 6. Nge2 Nc6 7. 0-0 a6 8. f4 Be6 9. f5 Bd7 10. h3 Ne5 11. d3 c5 12. g4 b5 13. cxb5 axb5 14. Ng3 b4 15. Nce2 Bb5 16. g5 Nfd7 17. Nf4 c4 18. Nd5 Nxd3 19. f6 exf6 20. gxf6 Nxf6 21. Bg5 Nxd5 22. Bxd8 Bd4+ 23. Kh2 Ne3 24. Qf3 Raxd8 25. Rh1 Bc6 26. Rhe1 Nc2 27. Qe2 Ncxe1 28. Rxe1 Be5 29. Rb1 Bb5 30. Qc2 Rc8 31. Bf3 Nc5 32. Be2 b3 33. axb3 cxb3 34. Qd1 Bxe2 35. Qxe2 f5 36. exf5 Rxf5 37. Rg1 Rcf8 38. Kh1 Rf2 39. Qc4+ Kh8 40. Rg2 R2f3 41. Qg4 Nd3 42. Ne4 R3f4 43. Qe2 Rf1+ 44. Rg1 R1f2 45. Nxf2 Rxf2 46. Qxf2 Nxf2+ 47. Kg2 Nd3 48. Rd1 Nxb2 49. Rb1 Kg7 50. Kf3 Nc4 0-1

[Event "Landesliga Nord 1516"]
[Site "Bayern"]
[Date "2015.11.15"]
[Round "3.5"]
[White "Weigel, Robert"]
[Black "Stiller, Juergen"]
[Result "0-1"]
[WhiteElo "2043"]
[BlackElo "2180"]
[PlyCount "30"]
[EventDate "2015.10.11"]
[EventType "team-tourn"]
[EventRounds "9"]
[EventCountry "GER"]
[SourceTitle "EXT 2018"]
[Source "ChessBase"]
[SourceDate "2017.10.13"]
[SourceVersion "1"]
[SourceVersionDate "2017.10.13"]
[SourceQuality "1"]
[WhiteTeam "Forchheim II"]
[BlackTeam "Nuernberg Sued SW"]
[WhiteTeamCountry "GER"]
[BlackTeamCountry "GER"]

1. Nf3 Nf6 2. c4 g6 3. Nc3 Bg7 4. e4 d6 5. d4 0-0 6. Be2 e5 7. 0-0 exd4 8. Nxd4 Re8 9. f3 c6 10. Be3 d5 11. cxd5 Nxd5 12. Bf2 Nf4 13. Kh1 Qg5 14. Rg1 Rd8 15. Qd2 Nh3 0-1

[Event "Wunsiedel op 9th"]
[Site "Wunsiedel"]
[Date "2015.05.16"]
[Round "5"]
[White "Stiller, Juergen"]
[Black "Grimberg, Boris"]
[Result "0-1"]
[WhiteElo "2181"]
[BlackElo "2345"]
[PlyCount "46"]
[EventDate "2015.05.14"]
[EventType "swiss"]
[EventRounds "7"]
[EventCountry "GER"]
[SourceTitle "CBM 166 Extra"]
[Source "ChessBase"]
[SourceDate "2015.06.18"]
[SourceVersion "1"]
[SourceVersionDate "2015.06.18"]
[SourceQuality "1"]

1. d4 c5 2. e3 Nf6 3. Nf3 g6 4. Be2 Bg7 5. 0-0 b6 6. b3 0-0 7. c4 Bb7 8. Bb2 cxd4 9. exd4 d5 10. Nbd2 Nc6 11. Rc1 e6 12. Qc2 Rc8 13. c5 Ne4 14. a3 a5 15. Rfd1 f5 16. Qb1 g5 17. b4 axb4 18. axb4 g4 19. b5 gxf3 20. Nxf3 Bh6 21. bxc6 Bxc6 22. cxb6 Bxc1 23. Bxc1 Nc3 0-1

[Event "Wunsiedel op 9th"]
[Site "Wunsiedel"]
[Date "2015.05.15"]
[Round "3"]
[White "Troyke, Christian"]
[Black "Stiller, Juergen"]
[Result "1-0"]
[WhiteElo "2340"]
[BlackElo "2181"]
[PlyCount "37"]
[EventDate "2015.05.14"]
[EventType "swiss"]
[EventRounds "7"]
[EventCountry "GER"]
[SourceTitle "CBM 166 Extra"]
[Source "ChessBase"]
[SourceDate "2015.06.18"]
[SourceVersion "1"]
[SourceVersionDate "2015.06.18"]
[SourceQuality "1"]

1. g3 g6 2. Bg2 Bg7 3. d4 Nf6 4. e4 d6 5. Ne2 0-0 6. 0-0 e5 7. c4 Nc6 8. d5 Ne7 9. Nbc3 Nh5 10. f4 Bg4 11. fxe5 Bxe5 12. Bh6 Bg7 13. Qd2 Qd7 14. Bxg7 Nxg7 15. Nf4 g5 16. Nd3 f6 17. e5 dxe5 18. Ne4 f5 19. Nxe5 1-0

[Event "Landesliga Nord 1415"]
[Site "Bayern"]
[Date "2014.11.09"]
[Round "2.5"]
[White "Martin, Thomas"]
[Black "Stiller, Juergen"]
[Result "1/2-1/2"]
[WhiteElo "2209"]
[BlackElo "2180"]
[PlyCount "49"]
[EventDate "2014.10.19"]
[EventType "team-tourn"]
[EventRounds "9"]
[EventCountry "GER"]
[SourceTitle "EXT 2018"]
[Source "ChessBase"]
[SourceDate "2017.10.13"]
[SourceVersion "1"]
[SourceVersionDate "2017.10.13"]
[SourceQuality "1"]
[WhiteTeam "Nuernberg NT II"]
[BlackTeam "Nuernberg Sued SW"]
[WhiteTeamCountry "GER"]
[BlackTeamCountry "GER"]

1. d4 Nf6 2. c4 g6 3. Nc3 Bg7 4. Nf3 0-0 5. g3 d6 6. Bg2 Nc6 7. 0-0 a6 8. h3 Rb8 9. e4 e5 10. d5 Ne7 11. b4 Ne8 12. c5 f5 13. Nd2 Nf6 14. Qb3 Kh8 15. Rd1 fxe4 16. Ndxe4 Nf5 17. Nxf6 Nd4 18. Qc4 Bxf6 19. Ne4 Bf5 20. Bb2 Bxe4 21. Bxe4 Bg7 22. Bxd4 exd4 23. Rac1 Qf6 24. Rc2 Rbe8 25. Bg2 1/2-1/2

[Event "Landesliga Nord 1314"]
[Site "Bayern"]
[Date "2014.01.19"]
[Round "5.5"]
[White "Liepold, Stefan"]
[Black "Stiller, Juergen"]
[Result "1/2-1/2"]
[WhiteElo "2153"]
[BlackElo "2199"]
[PlyCount "91"]
[EventDate "2013.10.13"]
[EventType "team"]
[EventRounds "9"]
[EventCountry "GER"]
[SourceTitle "EXT 2015"]
[Source "ChessBase"]
[SourceDate "2014.11.20"]
[SourceVersion "1"]
[SourceVersionDate "2014.11.20"]
[SourceQuality "1"]
[WhiteTeam "Erlangen"]
[BlackTeam "Nuernberg Sued SW"]
[WhiteTeamCountry "GER"]
[BlackTeamCountry "GER"]

1. e4 c6 2. d4 d5 3. exd5 cxd5 4. c4 Nf6 5. Nc3 g6 6. Qb3 Bg7 7. cxd5 0-0 8. Nge2 b6 9. g3 Bb7 10. Bg2 Qd7 11. Bg5 Rd8 12. Bxf6 Bxf6 13. 0-0 Na6 14. Rad1 Rab8 15. Rfe1 Nc7 16. Nf4 b5 17. Ne4 Ne8 18. Nxf6+ Nxf6 19. Re5 Qd6 20. Rde1 Rd7 21. Qa3 b4 22. Qa5 Rc7 23. Nd3 Bc8 24. Nc5 Ng4 25. R5e2 Nf6 26. Re5 Rb6 27. Qa4 Kf8 28. Qd1 Ba6 29. Qd2 Kg7 30. h4 h6 31. Bf3 Bc4 32. h5 g5 33. Rxg5+ hxg5 34. Qxg5+ Kh8 35. Qh6+ Nh7 36. Re6 Bxd5 37. Rxd6 Rxd6 38. Qf4 Bxf3 39. Qxf3 Ng5 40. Qe3 f6 41. Qd3 Rxd4 42. Qg6 Rd8 43. Qh6+ Kg8 44. Qg6+ Kh8 45. Qh6+ Kg8 46. Qg6+ 1/2-1/2

[Event "Landesliga Nord 1314"]
[Site "Bayern"]
[Date "2013.10.13"]
[Round "1.5"]
[White "Link, Klaus"]
[Black "Stiller, Juergen"]
[Result "0-1"]
[WhiteElo "1934"]
[BlackElo "2199"]
[PlyCount "88"]
[EventDate "2013.10.13"]
[EventType "team"]
[EventRounds "9"]
[EventCountry "GER"]
[SourceTitle "EXT 2015"]
[Source "ChessBase"]
[SourceDate "2014.11.20"]
[SourceVersion "1"]
[SourceVersionDate "2014.11.20"]
[SourceQuality "1"]
[WhiteTeam "Klingenberg/Main"]
[BlackTeam "Nuernberg Sued SW"]
[WhiteTeamCountry "GER"]
[BlackTeamCountry "GER"]

1. e4 c6 2. d4 d5 3. exd5 cxd5 4. Bd3 Nc6 5. Nf3 Bg4 6. c3 e6 7. Bf4 Nf6 8. Nbd2 Bd6 9. Bxd6 Qxd6 10. h3 Bh5 11. 0-0 0-0 12. Qe1 Nd7 13. Qe3 f6 14. g4 Bf7 15. g5 e5 16. dxe5 fxe5 17. Nh4 e4 18. Be2 Rae8 19. Rad1 Be6 20. Nxe4 Qf4 21. Nf6+ Rxf6 22. gxf6 Qxh4 23. Bg4 Bf7 24. Qg3 Qxg3+ 25. fxg3 Nxf6 26. Bf3 Ne5 27. Bg2 Nc4 28. Rfe1 Ne3 29. Rd4 Nxg2 30. Rxe8+ Bxe8 31. Kxg2 b5 32. g4 g5 33. Kf3 Bd7 34. Kg3 Kf7 35. Rd1 h5 36. gxh5 Nxh5+ 37. Kh2 Be6 38. Rd4 Kf6 39. a4 a6 40. axb5 axb5 41. Rb4 Bd7 42. Rd4 Ke5 43. Rd1 Nf4 44. Re1+ Kd6 0-1

[Event "Landesliga Nord 1213"]
[Site "Bayern"]
[Date "2013.03.17"]
[Round "8.5"]
[White "Stiller, Juergen"]
[Black "Maurer, Christian"]
[Result "0-1"]
[WhiteElo "2143"]
[BlackElo "2145"]
[PlyCount "104"]
[EventDate "2012.10.14"]
[EventType "team-tourn"]
[EventRounds "9"]
[EventCountry "GER"]
[SourceTitle "EXT 2015"]
[Source "ChessBase"]
[SourceDate "2014.11.20"]
[SourceVersion "1"]
[SourceVersionDate "2014.11.20"]
[SourceQuality "1"]
[WhiteTeam "Nuernberg Sued SW"]
[BlackTeam "Kelheim"]
[WhiteTeamCountry "GER"]
[BlackTeamCountry "GER"]

1. Nf3 d5 2. g3 Nf6 3. Bg2 c6 4. 0-0 Bf5 5. d3 e6 6. b3 Be7 7. Bb2 0-0 8. c4 h6 9. Nc3 a5 10. cxd5 exd5 11. Rc1 Na6 12. Nd4 Bh7 13. e4 Bc5 14. Nf5 Bxf5 15. exf5 Qd6 16. Nb1 Rfe8 17. a3 Nc7 18. Qc2 Nd7 19. f6 g6 20. Bh3 Ne6 21. Bxe6 Rxe6 22. Rce1 Rae8 23. Qd2 d4 24. Rxe6 Qxe6 25. Qxh6 Nxf6 26. Nd2 Bf8 27. Qh4 c5 28. Nc4 Bg7 29. Bc1 b5 30. Nxa5 Qe2 31. Bg5 Nd5 32. Nb7 c4 33. bxc4 bxc4 34. dxc4 Nc3 35. Nd6 Re6 36. Nb5 Qxc4 37. Nxc3 Qxc3 38. Be7 d3 39. Bb4 Qc2 40. Qd8+ Kh7 41. Qh4+ Kg8 42. Qf4 Bb2 43. h4 Kg7 44. Qb8 Rf6 45. Qd8 Be5 46. Qf8+ Kh7 47. Qe7 Bd4 48. Qe1 Qe2 49. Bc3 Bxc3 50. Qxc3 Re6 51. Qb3 d2 52. Rd1 Qxd1+ 0-1

[Event "Landesliga Nord 1112"]
[Site "Bayern"]
[Date "2012.04.15"]
[Round "9.4"]
[White "Haba, Zdenek"]
[Black "Stiller, Juergen"]
[Result "1-0"]
[WhiteElo "2202"]
[BlackElo "2168"]
[PlyCount "87"]
[EventDate "2011.10.02"]
[EventType "team-tourn"]
[EventRounds "9"]
[EventCountry "GER"]
[SourceTitle "EXT 2015"]
[Source "ChessBase"]
[SourceDate "2014.11.20"]
[SourceVersion "1"]
[SourceVersionDate "2014.11.20"]
[SourceQuality "1"]
[WhiteTeam "Obernau"]
[BlackTeam "Nuernberg Sued SW"]
[WhiteTeamCountry "GER"]
[BlackTeamCountry "GER"]

1. d4 Nf6 2. c4 g6 3. Nc3 Bg7 4. e4 d6 5. Bg5 0-0 6. f3 c5 7. d5 e6 8. Qd2 exd5 9. cxd5 Nbd7 10. Nh3 a6 11. a4 Qa5 12. Ra3 Ne5 13. Nf2 Rb8 14. Be2 Re8 15. 0-0 Qb4 16. Qc2 Bd7 17. Na2 Qa5 18. Bxf6 Bxf6 19. f4 Qd8 20. fxe5 Bxe5 21. g3 h5 22. Kg2 b5 23. axb5 axb5 24. Rf3 Qc8 25. b3 Bd4 26. Nc1 Re7 27. Bd3 Ra8 28. Qd2 Kg7 29. Ne2 Be5 30. h4 Ra3 31. Bc2 Qa8 32. Nd3 Ba1 33. Qg5 Qe8 34. e5 Bg4 35. R3f2 dxe5 36. Qf6+ Kh7 37. Nxc5 Rc7 38. b4 Rca7 39. Ne4 R3a6 40. Qg5 Kg7 41. Nf6 Qc8 42. Nxg4 Qxc2 43. Nf6 Kh8 44. Qh6# 1-0

[Event "Landesliga Nord 1112"]
[Site "Bayern"]
[Date "2012.02.26"]
[Round "7.5"]
[White "Stiller, Juergen"]
[Black "Wambach, Juergen"]
[Result "1-0"]
[WhiteElo "2168"]
[BlackElo "1988"]
[PlyCount "129"]
[EventDate "2011.10.02"]
[EventType "team-tourn"]
[EventRounds "9"]
[EventCountry "GER"]
[SourceTitle "EXT 2015"]
[Source "ChessBase"]
[SourceDate "2014.11.20"]
[SourceVersion "1"]
[SourceVersionDate "2014.11.20"]
[SourceQuality "1"]
[WhiteTeam "Nuernberg Sued SW"]
[BlackTeam "Klingenberg/Main"]
[WhiteTeamCountry "GER"]
[BlackTeamCountry "GER"]

1. d4 d5 2. Nf3 c6 3. Bf4 Qb6 4. Qc1 Nf6 5. h3 Bf5 6. e3 e6 7. Bd3 Bxd3 8. cxd3 Nbd7 9. 0-0 Be7 10. Nc3 0-0 11. Qd2 Rfd8 12. Rfc1 Rac8 13. Rc2 Qa6 14. Rac1 b6 15. Bg5 c5 16. a3 h6 17. Bh4 b5 18. Ne5 b4 19. Ne2 bxa3 20. bxa3 Nxe5 21. dxe5 Ne4 22. dxe4 Bxh4 23. Rxc5 Rxc5 24. Rxc5 dxe4 25. Nd4 Qxa3 26. Ra5 Qe7 27. g3 f6 28. gxh4 fxe5 29. Rxe5 Qxh4 30. Qa2 Qxh3 31. Qxe6+ Qxe6 32. Rxe6 a5 33. Rxe4 a4 34. Nc2 Ra8 35. Na3 Kf7 36. Rd4 Ke6 37. Kg2 g5 38. Kg3 h5 39. Rc4 Kd5 40. Rd4+ Ke5 41. Rb4 h4+ 42. Kg4 Rh8 43. Kxg5 h3 44. f4+ Kd5 45. e4+ Kd6 46. Rb1 Kc5 47. e5 h2 48. Rh1 Kd5 49. Kf5 Rf8+ 50. Kg4 Ke4 51. Re1+ Kd3 52. Kg3 Rh8 53. Kg2 Kd2 54. Rf1 Ke2 55. Rf2+ Ke3 56. Nc2+ Kd3 57. Kh1 Rc8 58. e6 a3 59. Nxa3 Ke3 60. Rf1 Ke2 61. Rb1 Kf3 62. f5 Ke4 63. Rf1 Rh8 64. f6 Ke5 65. f7 1-0

[Event "Nuremberg Zabo op 13th"]
[Site "Nuremberg"]
[Date "2011.09.18"]
[Round "5"]
[White "Stiller, Juergen"]
[Black "Dombrowsky, Michael"]
[Result "1/2-1/2"]
[WhiteElo "2168"]
[BlackElo "1979"]
[PlyCount "21"]
[EventDate "2011.09.16"]
[EventType "swiss"]
[EventRounds "5"]
[EventCountry "GER"]
[SourceTitle "EXT 2013"]
[Source "ChessBase"]
[SourceDate "2012.11.22"]
[SourceVersion "1"]
[SourceVersionDate "2012.11.22"]
[SourceQuality "1"]

1. d4 e6 2. Nf3 d5 3. Bf4 Bd6 4. Bxd6 Qxd6 5. c3 Nf6 6. Nbd2 0-0 7. e3 b6 8. Bd3 Ba6 9. Bxa6 Nxa6 10. 0-0 c5 11. Ne5 1/2-1/2

[Event "Nuremberg Zabo op 13th"]
[Site "Nuremberg"]
[Date "2011.09.18"]
[Round "4"]
[White "Thuerauf, Peter"]
[Black "Stiller, Juergen"]
[Result "0-1"]
[WhiteElo "1863"]
[BlackElo "2168"]
[PlyCount "60"]
[EventDate "2011.09.16"]
[EventType "swiss"]
[EventRounds "5"]
[EventCountry "GER"]
[SourceTitle "EXT 2013"]
[Source "ChessBase"]
[SourceDate "2012.11.22"]
[SourceVersion "1"]
[SourceVersionDate "2012.11.22"]
[SourceQuality "1"]

1. d4 Nf6 2. c4 g6 3. Nf3 Bg7 4. g3 0-0 5. Bg2 d6 6. 0-0 Nc6 7. Nc3 a6 8. a4 e5 9. Bg5 h6 10. Be3 Ng4 11. d5 Nxe3 12. fxe3 Na5 13. Nd2 Qg5 14. Kh1 Qxe3 15. Rf3 Qc5 16. Rb1 Bg4 17. b4 Qd4 18. Rd3 Qxd3 19. exd3 Bxd1 20. Nxd1 Nxc4 21. dxc4 f5 22. c5 e4 23. Nb3 b6 24. Bf1 bxc5 25. bxc5 Rfb8 26. cxd6 cxd6 27. Nd2 Rxb1 28. Nxb1 Rc8 29. Ne3 Rc1 30. Na3 Bd4 0-1

[Event "Nuremberg Zabo op 13th"]
[Site "Nuremberg"]
[Date "2011.09.16"]
[Round "1"]
[White "Schaefer, Ann Kathrin"]
[Black "Stiller, Juergen"]
[Result "0-1"]
[WhiteElo "1591"]
[BlackElo "2168"]
[PlyCount "72"]
[EventDate "2011.09.16"]
[EventType "swiss"]
[EventRounds "5"]
[EventCountry "GER"]
[SourceTitle "EXT 2013"]
[Source "ChessBase"]
[SourceDate "2012.11.22"]
[SourceVersion "1"]
[SourceVersionDate "2012.11.22"]
[SourceQuality "1"]

1. e4 c6 2. d4 d5 3. exd5 cxd5 4. Bd3 Nc6 5. c3 Nf6 6. Bf4 Bg4 7. f3 Bh5 8. Ne2 e6 9. 0-0 Bg6 10. Na3 a6 11. Nc2 Bd6 12. Ne3 Rc8 13. Bxd6 Qxd6 14. f4 Bxd3 15. Qxd3 g6 16. Rae1 Ne4 17. Ng4 f5 18. Ne5 0-0 19. Qh3 b5 20. Rf3 Rc7 21. g4 b4 22. g5 bxc3 23. bxc3 Nxe5 24. fxe5 Qe7 25. Qg2 Qxg5 26. Nf4 Qxg2+ 27. Kxg2 Kf7 28. Rh3 h5 29. Rc1 Rfc8 30. Ne2 Kg7 31. Rb1 Nxc3 32. Nxc3 Rxc3 33. Rb7+ Kh6 34. Rb6 Rc2+ 35. Kg3 Rxa2 36. Rxe6 Ra4 0-1

[Event "Mittelfranken-ch HT 60th"]
[Site "Buechenbach/Roth"]
[Date "2011.04.19"]
[Round "2"]
[White "Luther, Helmut"]
[Black "Stiller, Juergen"]
[Result "1/2-1/2"]
[WhiteElo "1920"]
[BlackElo "2167"]
[PlyCount "132"]
[EventDate "2011.04.19"]
[EventType "swiss"]
[EventRounds "9"]
[EventCountry "GER"]
[SourceTitle "CBM 142 Extra"]
[Source "ChessBase"]
[SourceDate "2011.06.27"]
[SourceVersion "1"]
[SourceVersionDate "2011.06.27"]
[SourceQuality "1"]

1. d4 Nf6 2. c4 g6 3. Nc3 Bg7 4. e4 d6 5. f3 e5 6. d5 Nh5 7. Nge2 f5 8. Bd2 Qh4+ 9. g3 Nxg3 10. Nxg3 f4 11. Nce2 fxg3 12. Nxg3 0-0 13. Bg2 Bh6 14. Bxh6 Qxh6 15. Qd2 Qh4 16. 0-0 a5 17. a3 a4 18. Qc3 Nd7 19. b4 axb3 20. Qxb3 Nc5 21. Qc3 Bd7 22. Ne2 Qg5 23. Kh1 Ra4 24. Rg1 Qh5 25. Ng3 Qh6 26. Ne2 b5 27. cxb5 Bxb5 28. Bf1 Bxe2 29. Bxe2 Qh4 30. Rg2 Rb8 31. Bd1 Rd4 32. Bc2 Qf4 33. Kg1 Rb7 34. Kh1 Kg7 35. Rf1 Ra7 36. Ra1 Kf7 37. Kg1 Rb7 38. Kh1 Kg7 39. Kg1 Qh6 40. Kh1 Ra7 41. Kg1 Qh3 42. Rg3 Qh4 43. Rg2 Qf4 44. Kh1 Nd7 45. Bb3 Nf6 46. a4 Nh5 47. a5 Qf7 48. Bc4 Nf4 49. Rf2 c6 50. Bf1 cxd5 51. Qc6 dxe4 52. fxe4 Qb7 53. Qxb7+ Rxb7 54. a6 Ra7 55. Rb2 Ne6 56. Rab1 Kf6 57. Rb7 Ra8 58. Ra1 Nc5 59. Rxh7 Nxa6 60. Rxa6 Rxa6 61. Bxa6 Rxe4 62. Kg2 d5 63. Bb7 Rd4 64. Rd7 Ke6 65. Rg7 Kf6 66. Rd7 Ke6 1/2-1/2